|
|
|
|
| LEADER |
01223nam a2200253 a 4500 |
| 001 |
277953 |
| 008 |
090601s1997 mau 000 0 eng d |
| 010 |
|
|
|a 61012818
|
| 040 |
|
|
|a DLC
|c DLC
|d DLC
|
| 020 |
|
|
|a 0471185116
|
| 082 |
0 |
0 |
|a 658
|2 21
|
| 100 |
1 |
|
|a Randall, Clarence B.
|q (Clarence Belden),
|d b. 1891.
|
| 245 |
1 |
4 |
|a The folklore of management.
|c Published in association with Dun & Bradstreet, inc.
|
| 250 |
|
|
|a [1st ed.]
|
| 260 |
|
|
|a New York,
|b John Wiley & Sons, Inc.,
|c c1997
|
| 300 |
|
|
|a xiii, 204 p. ;
|c 21 cm.
|
| 500 |
|
|
|a "A willey Management Classic"
|
| 541 |
1 |
|
|e 00007712
|
| 650 |
|
0 |
|a Industrial management.
|
| 852 |
4 |
|
|a Ayesha Abed Library
|j General Shelf.
|
| 999 |
|
|
|c 1267
|d 1267
|
| 952 |
|
|
|0 0
|1 0
|2 ddc
|4 0
|6 658_RAN_199700000000000
|7 0
|9 1151
|a BRACUL
|b BRACUL
|c GEN
|d 2009-06-25
|g 0.00
|l 5
|m 34
|o 658 RAN
|p 3010007712
|r 2025-03-02
|s 2025-02-17
|t 1
|w 2009-06-25
|y BK
|x No price found in the accession register.
|
| 952 |
|
|
|0 0
|1 0
|2 ddc
|4 0
|6 658_000000000000000_RAN
|7 0
|9 43308
|a SCL
|b SCL
|c GEN
|d 2000-12-09
|l 0
|o 658 RAN
|p 3020002953
|r 2014-07-20
|t 2
|w 2014-07-20
|y BK
|
| 952 |
|
|
|0 0
|1 0
|2 ddc
|4 0
|6 658_000000000000000_RAN
|7 0
|9 54405
|a SCL
|b SCL
|c GEN
|d 2015-06-20
|e Gift: The Asia Foundation
|l 0
|o 658 RAN
|p 3020002939
|r 2015-06-20
|t 3
|w 2015-06-20
|y BK
|